Statistics for Rugby players with the most points scored

Click here to take the quiz!

General Stats

  • This quiz has been taken 13 times
  • The average score is 7 of 20

Answer Stats

Player% Correct
Dan Carter
100%
Jonny Wilkinson
100%
Jonathan Sexton
82%
Owen Farrell
82%
Ronan O'Gara
73%
Beauden Barrett
55%
Leigh Halfpenny
45%
Nicolas Sanchez
45%
Morné Steyn
36%
Neil Jenkins
27%
Chris Paterson
18%
Diego Dominguez
18%
Stephen Jones
18%
Andrew Mehrtens
9%
Percy Montgomery
9%
Florin Vaicu
0%
Matt Burke
0%
Merab Kvirikashvili
0%
Michael Lynagh
0%
Yuri Kushnarev
0%

Score Distribution

Percentile by Number Answered

Percent of People with Each Score

Your Score History

You have not taken this quiz